000 00779nam0a22002651 4500
001 rc\3487665
005 20250610011638.0
021 _aRU
_b[74-88326]
035 _a(NLR Aleph) 007605332
090 _a5758868
_c5758868
100 _a20130115d1973 |||y0rusy50 ca
101 1 _arus
_ckaa
102 _aRU
105 _ay z |||a|
200 1 _a[Стихи]
_eПер. каракалп.
210 _aНукус
_c[Каракалпакстан]
_d1973
215 _a24 с.
_d14
225 1 _aПоэзия Советской Каракалпакии
_i[Серия "Соцветие"]
532 1 3 _aСтихи
700 1 _aНурумбетов
_bС.
_gСадык
801 0 _aRU
_bNLR
_gpsbo
801 1 _aRU
_bELAR
_2rusmarc
852 _aNLR
_j74-1/338
942 _cBOOK
980 _aNB